000 00467nam a2200121Ia 4500
008 220615s9999||||xx |||||||||||||| ||und||
100 _aAlexander I. Kokorin
245 0 _aNitroxides - Theory, Experiment and Applications
546 _aEnglish[eng]
650 _aPhysical Sciences||Engineering and Technology||Chemistry||Bioorganic Chemistry||Organic Chemistry
856 _uhttps://www.intechopen.com/books/nitroxides-theory-experiment-and-applications
942 _cEB
999 _c17449
_d17449